| 000 | 00325nam a22001217a 4500 | ||
|---|---|---|---|
| 008 | 160425b xxu||||| |||| 00| 0 eng d | ||
| 020 | _a9780131781023 | ||
| 020 | _a100131781022 | ||
| 041 | _aeng | ||
| 080 | _a618.2 | ||
| 245 |
_aMedical surgical nursing: _cKathleen S. Osborn; Cheryl Wraa; Annita B. Watson; |
||
| 942 |
_2udc _cBK |
||
| 999 |
_c1567 _d1567 |
||